[Event "Cutro op-B 13th"]
[Site "Cutro"]
[Date "2007.05.01"]
[Round "9"]
[White "Olivo, Gaetano"]
[Black "Virelli, Salvatore"]
[Result "1-0"]
[WhiteElo "1571"]
[BlackElo "1524"]
[PlyCount "107"]
[EventDate "2007.04.23"]
[EventType "swiss"]
[EventRounds "9"]
[EventCountry "ITA"]
[SourceTitle "EXT 2008"]
[Source "ChessBase"]
[SourceDate "2007.11.25"]
[SourceVersion "1"]
[SourceVersionDate "2007.11.25"]
[SourceQuality "1"]

1. e4 c5 2. c3 d6 3. a3 Nf6 4. Qf3 a6 5. d4 cxd4 6. cxd4 e6 7. Nc3 Be7 8. Bc4 Qc7 9. Bb3 Nc6 10. Nge2 0-0 11. 0-0 e5 12. d5 Na5 13. Bc2 h6 14. Bd3 b5 15. b4 Nc4 16. a4 bxa4 17. Nxa4 Rb8 18. Rb1 Bd7 19. Nac3 Rb7 20. Be3 Rfb8 21. Na2 Bb5 22. Rfc1 Rc8 23. Ng3 Qd7 24. Nf5 Bf8 25. Nc3 Na3 26. Rb3 Bxd3 27. Rxa3 Rxc3 28. Raxc3 Bxe4 29. Nxh6+ Kh8 30. Qe2 gxh6 31. Qxa6 Nxd5 32. Rc8 Kg7 33. Qa8 Nxe3 34. fxe3 Qe7 35. Qa6 Rxb4 36. Qa2 Qg5 37. R8c7 Rb5 38. Rf1 Rb7 39. Rfxf7+ Kg8 40. Rxb7 Bxb7 41. Rxb7+ Kh8 42. Qc4 Qf5 43. e4 Qf6 44. Rf7 Qd8 45. Qf1 Kg8 46. Qf5 Bg7 47. Qe6 Kh8 48. Qg6 Qg8 49. Rd7 Bf8 50. Qf6+ Bg7 51. Qxd6 Qc4 52. Qb8+ Kh7 53. Qxe5 Qc1+ 54. Kf2 1-0

[Event "Cutro op-B 13th"]
[Site "Cutro"]
[Date "2007.04.30"]
[Round "8"]
[White "Rotunno, Giuseppe"]
[Black "Olivo, Gaetano"]
[Result "1-0"]
[WhiteElo "1922"]
[BlackElo "1571"]
[PlyCount "57"]
[EventDate "2007.04.23"]
[EventType "swiss"]
[EventRounds "9"]
[EventCountry "ITA"]
[SourceTitle "EXT 2008"]
[Source "ChessBase"]
[SourceDate "2007.11.25"]
[SourceVersion "1"]
[SourceVersionDate "2007.11.25"]
[SourceQuality "1"]

1. d4 d5 2. Nf3 h6 3. c4 Nf6 4. cxd5 Nxd5 5. e4 Nb6 6. Bb5+ Bd7 7. a4 Bxb5 8. axb5 Qd7 9. Nc3 f6 10. 0-0 e6 11. Nh4 Qf7 12. d5 e5 13. Be3 N8d7 14. f4 Bd6 15. fxe5 Bxe5 16. Qg4 g5 17. Nf3 Qg6 18. Qe6+ Kd8 19. Nxe5 Nxe5 20. Rxf6 Qe8 21. Bxb6 cxb6 22. Qd6+ Nd7 23. Raf1 Qe7 24. e5 Qxd6 25. Rxd6 Re8 26. e6 Rg8 27. Rf7 Kc8 28. Rdxd7 Rb8 29. Ne4 1-0

[Event "Cutro op-B 13th"]
[Site "Cutro"]
[Date "2007.04.29"]
[Round "7"]
[White "Olivo, Gaetano"]
[Black "Rizzuti, Pasquale"]
[Result "1/2-1/2"]
[WhiteElo "1571"]
[BlackElo "1835"]
[PlyCount "60"]
[EventDate "2007.04.23"]
[EventType "swiss"]
[EventRounds "9"]
[EventCountry "ITA"]
[SourceTitle "EXT 2008"]
[Source "ChessBase"]
[SourceDate "2007.11.25"]
[SourceVersion "1"]
[SourceVersionDate "2007.11.25"]
[SourceQuality "1"]

1. e4 g6 2. Nf3 Bg7 3. d4 d6 4. h3 Nf6 5. Bd3 Nc6 6. a3 e5 7. d5 Ne7 8. c4 c5 9. Nc3 0-0 10. b4 b6 11. Bg5 Ne8 12. Qd2 f5 13. Bh6 f4 14. Bxg7 Kxg7 15. h4 h6 16. Be2 Nf6 17. Nh2 a5 18. b5 Ra7 19. g3 fxg3 20. fxg3 Neg8 21. 0-0-0 Raf7 22. g4 Nh7 23. g5 hxg5 24. h5 gxh5 25. Bxh5 Rf2 26. Be2 R8f4 27. Rdf1 Bh3 28. Rxf2 Rxf2 29. Qe3 Bg2 30. Rg1 Qf8 1/2-1/2

[Event "Cutro op-B 13th"]
[Site "Cutro"]
[Date "2007.04.23"]
[Round "1"]
[White "Olivo, Gaetano"]
[Black "Sansosti, Simona"]
[Result "1/2-1/2"]
[WhiteElo "1571"]
[BlackElo "1362"]
[PlyCount "32"]
[EventDate "2007.04.23"]
[EventType "swiss"]
[EventRounds "9"]
[EventCountry "ITA"]
[SourceTitle "EXT 2008"]
[Source "ChessBase"]
[SourceDate "2007.11.25"]
[SourceVersion "1"]
[SourceVersionDate "2007.11.25"]
[SourceQuality "1"]

1. e4 e5 2. Nf3 Nf6 3. Bc4 Nc6 4. Ng5 d5 5. exd5 Nxd5 6. d3 Be7 7. Ne4 0-0 8. a3 Be6 9. Bd2 Nd4 10. c3 Nc6 11. Qf3 a6 12. b4 b5 13. Ba2 Qd7 14. h3 Rad8 15. Qg3 Nf6 16. Bxe6 Qxe6 1/2-1/2

[Event "Crotone Province-ch 07"]
[Site "Cutro"]
[Date "2006.12.09"]
[Round "4"]
[White "Abatino, Maurizio"]
[Black "Olivo, Gaetano"]
[Result "1-0"]
[WhiteElo "2192"]
[BlackElo "1598"]
[PlyCount "101"]
[EventDate "2006.12.07"]
[EventType "swiss"]
[EventRounds "7"]
[EventCountry "ITA"]
[SourceTitle "EXT 2024"]
[Source "ChessBase"]
[SourceDate "2023.10.10"]
[SourceVersion "1"]
[SourceVersionDate "2023.10.10"]
[SourceQuality "1"]

1. d4 d5 2. c4 dxc4 3. Nf3 e6 4. e3 b5 5. a4 c6 6. axb5 Bb4+ 7. Bd2 Bxd2+ 8. Nbxd2 cxb5 9. b3 Nf6 10. bxc4 bxc4 11. Bxc4 0-0 12. 0-0 Nc6 13. Nb3 a5 14. Bb5 Bd7 15. Nc5 Nb4 16. Qa4 Bxb5 17. Qxb5 Nfd5 18. Rfc1 Qb6 19. Qa4 Rfc8 20. Ne5 Ra7 21. Nc4 Qc7 22. Qd1 Qd8 23. Ra3 h6 24. h3 g5 25. Ne5 Kg7 26. Ned3 Kg6 27. Nxb4 Nxb4 28. Qf3 Qd5 29. Qxd5 Nxd5 30. Rca1 Rca8 31. Nb3 a4 32. Nc5 Nb4 33. Rxa4 Rxa4 34. Rxa4 Rxa4 35. Nxa4 Nd3 36. Kf1 f5 37. Ke2 Nb4 38. Nc5 Kf7 39. Nd3 Nd5 40. Kd2 h5 41. g3 h4 42. gxh4 gxh4 43. Ne5+ Kg7 44. Nf3 Kh6 45. Nxh4 Kh5 46. Ng2 Kg5 47. f3 Nf6 48. Nf4 Kh4 49. Nxe6 Kxh3 50. Ke2 Nd5 51. Nf4+ 1-0

[Event "Crotone Province-ch 07"]
[Site "Cutro"]
[Date "2006.12.08"]
[Round "3"]
[White "Virelli, Salvatore"]
[Black "Olivo, Gaetano"]
[Result "0-1"]
[WhiteElo "1539"]
[BlackElo "1598"]
[PlyCount "68"]
[EventDate "2006.12.07"]
[EventType "swiss"]
[EventRounds "7"]
[EventCountry "ITA"]
[SourceTitle "EXT 2024"]
[Source "ChessBase"]
[SourceDate "2023.10.10"]
[SourceVersion "1"]
[SourceVersionDate "2023.10.10"]
[SourceQuality "1"]

1. e4 e6 2. d4 d5 3. e5 c5 4. Nc3 cxd4 5. Qxd4 Nc6 6. Bb5 Bd7 7. Bxc6 bxc6 8. Nf3 c5 9. Qf4 Ne7 10. Ng5 Nf5 11. g4 h6 12. Nxf7 Kxf7 13. gxf5 exf5 14. Nxd5 g5 15. Qc4 Be6 16. Qe2 Qxd5 17. Rg1 Bg7 18. h4 g4 19. f4 gxf3 20. Qe3 Qxe5 21. c3 Qxe3+ 22. Bxe3 Rac8 23. Rd1 Bf6 24. Bf2 Bxa2 25. Ra1 Rhe8+ 26. Kd1 Bb3+ 27. Kc1 Rc7 28. h5 Re2 29. Bg3 Rd7 30. Rf1 Rdd2 31. Rxa7+ Be7 32. Bh4 Rc2+ 33. Kb1 Rxb2+ 34. Kc1 Rec2+ 0-1

[Event "Cutro op-B 12th"]
[Site "Cutro"]
[Date "2006.04.29"]
[Round "6"]
[White "Olivo, Gaetano"]
[Black "Piccoli, Vincenzo"]
[Result "0-1"]
[WhiteElo "1637"]
[BlackElo "1667"]
[PlyCount "117"]
[EventDate "2006.04.23"]
[EventType "swiss"]
[EventRounds "9"]
[EventCountry "ITA"]
[SourceTitle "EXT 2007"]
[Source "ChessBase"]
[SourceDate "2006.11.23"]
[SourceVersion "1"]
[SourceVersionDate "2006.11.23"]
[SourceQuality "1"]

1. e4 d5 2. exd5 Qxd5 3. Nf3 Nf6 4. h3 Bf5 5. Nc3 Qa5 6. Bc4 c6 7. 0-0 e6 8. a3 Nbd7 9. d4 Bd6 10. Bg5 0-0 11. Re1 h6 12. Bd2 Qc7 13. b4 Rad8 14. b5 Nb6 15. Bb3 c5 16. dxc5 Bxc5 17. Qe2 Nbd5 18. Nxd5 Nxd5 19. c4 Nf4 20. Bxf4 Qxf4 21. Qe5 Qxe5 22. Rxe5 Be7 23. Ree1 Rd3 24. Bc2 Rxa3 25. Rxa3 Bxa3 26. Bxf5 exf5 27. Re5 Rc8 28. Re3 Bb4 29. Re5 Rxc4 30. Rxf5 Rc5 31. Rxc5 Bxc5 32. Kf1 a5 33. bxa6 bxa6 34. Ne1 a5 35. Ke2 a4 36. Nd3 Bd4 37. Nc1 Kf8 38. f3 Ke7 39. Kd3 Bb2 40. Na2 Kf6 41. Ke4 Kg5 42. g3 f5+ 43. Ke3 f4+ 44. gxf4+ Kh4 45. f5 Kxh3 46. Kf4 h5 47. Nb4 a3 48. Na2 h4 49. Nb4 Kg2 50. Nd3 a2 51. Ne1+ Kf1 52. Nc2 a1Q 53. Nxa1 Bxa1 54. Kg4 Bf6 55. Kh3 Kf2 56. Kg4 Kg2 57. f4 h3 58. Kh5 h2 59. Kg4 0-1

[Event "Crotone Province-ch"]
[Site "Cutro"]
[Date "2006.02.04"]
[Round "3"]
[White "Olivo, Gaetano"]
[Black "Baffa, Pietro"]
[Result "0-1"]
[WhiteElo "1649"]
[BlackElo "1727"]
[PlyCount "80"]
[EventDate "2006.02.03"]
[EventType "swiss"]
[EventRounds "5"]
[EventCountry "ITA"]
[SourceTitle "EXT 2024"]
[Source "ChessBase"]
[SourceDate "2023.10.10"]
[SourceVersion "1"]
[SourceVersionDate "2023.10.10"]
[SourceQuality "1"]

1. e4 c5 2. Nf3 Nc6 3. c3 e6 4. Bb5 Qc7 5. d4 a6 6. Be2 Nf6 7. Nbd2 Be7 8. 0-0 0-0 9. e5 Ne8 10. Ne4 cxd4 11. cxd4 f6 12. exf6 Nxf6 13. Nxf6+ Bxf6 14. Bg5 Qd8 15. Be3 b5 16. Rb1 Bb7 17. a3 Rc8 18. b4 Ne7 19. Qd3 Nd5 20. Rfc1 Qe7 21. Rxc8 Rxc8 22. Rc1 Rxc1+ 23. Bxc1 Nb6 24. Qc2 Bxf3 25. Bxf3 d5 26. Qc5 Qxc5 27. dxc5 Nc4 28. Kf1 Kf7 29. Bd1 Ke7 30. Ke2 Kd7 31. f4 Kc6 32. g4 a5 33. g5 Bc3 34. Bc2 axb4 35. axb4 g6 36. Kd3 Bxb4 37. Bb3 Bxc5 38. Bxc4 bxc4+ 39. Kc2 d4 40. Kd2 Kd5 0-1

[Event "Cutro op-B 11th"]
[Site "Cutro"]
[Date "2005.04.24"]
[Round "1"]
[White "Olivo, Gaetano"]
[Black "Lomakina, Nadya"]
[Result "0-1"]
[WhiteElo "1610"]
[BlackElo "1926"]
[PlyCount "108"]
[EventDate "2005.04.23"]
[EventType "swiss"]
[EventRounds "5"]
[EventCountry "ITA"]
[SourceTitle "CBM 106 Extra"]
[Source "ChessBase"]
[SourceDate "2005.07.01"]
[SourceVersion "1"]
[SourceVersionDate "2005.07.01"]
[SourceQuality "1"]

1. e4 c5 2. Nf3 Nc6 3. Bb5 d6 4. Bxc6+ bxc6 5. 0-0 Nf6 6. Nc3 e6 7. e5 Nd5 8. Nxd5 cxd5 9. d4 cxd4 10. Qxd4 Qb6 11. Qxb6 axb6 12. Bg5 dxe5 13. Rfe1 f6 14. Bd2 Bd6 15. c3 0-0 16. b4 Bd7 17. h3 Rfc8 18. Rec1 Bb5 19. Be3 Rc6 20. Nd2 Be7 21. g3 Bd8 22. Kg2 Rcc8 23. a3 Bc6 24. Kh2 b5 25. h4 Ra6 26. Ra2 Rca8 27. Rca1 Be8 28. Nb3 Be7 29. Kh3 Bg6 30. Nc1 Rc6 31. Ne2 Bd3 32. f4 Bxe2 33. Rxe2 Rxc3 34. fxe5 fxe5 35. Bb6 e4 36. Ba5 Rf8 37. a4 Rb8 38. axb5 Rxb5 39. Rb1 Rc4 40. Reb2 d4 41. Kg2 e3 42. Kf1 Bd6 43. Kg2 e5 44. Kf3 Kf7 45. Ke4 Ke6 46. g4 h6 47. h5 Be7 48. Rb3 Rc2 49. Rd3 Bh4 50. Rh1 e2 51. Rf3 e1Q+ 52. Rxe1 Bxe1 53. Rf8 Rc3 54. Rg8 Re3# 0-1